|
|
|
|
| LEADER |
01858nam a2200325 a 4500 |
| 001 |
0020420 |
| 003 |
BD-DhAAL |
| 008 |
100609s1996 maua b 001 0 eng d |
| 010 |
|
|
|a \\96027860
|
| 020 |
|
|
|a 0890067562 (alk. paper)
|
| 040 |
|
|
|a DLC
|c DLC
|d DLC
|d BD-DhAAL
|
| 082 |
0 |
0 |
|a 621.38275
|2 20
|
| 100 |
1 |
|
|a Kazovsky, Leonid G.
|9 58968
|
| 245 |
1 |
0 |
|a Optical fiber communication systems /
|c Leonid Kazovsky, Sergio Benedetto, Alan Willner.
|
| 260 |
|
|
|a Boston :
|b Artech House,
|c c1996.
|
| 300 |
|
|
|a xix, 690 p. :
|b ill. ;
|e 24 cm
|
| 490 |
0 |
|
|a The Artech House Optoelectronics library
|
| 504 |
|
|
|a Includes bibliographical references and index.
|
| 526 |
|
|
|a EEE
|x Md Sayeed Salam
Department of Electrical and Electronic Engineering
BRAC University
Course Name : Optical Communication System (EEE 514)
|
| 541 |
1 |
|
|e 0020420
|a Trim Education
|
| 650 |
|
0 |
|a Optical communications.
|
| 650 |
|
0 |
|a Fiber optics.
|
| 650 |
|
0 |
|a Digital communications.
|
| 700 |
1 |
|
|a Benedetto, Sergio.
|9 58969
|
| 700 |
1 |
|
|a Willner, Alan E.
|9 58970
|
| 852 |
4 |
|
|a Ayesha Abed Library
|c General Stacks
|
| 942 |
|
|
|2 ddc
|c BK
|
| 999 |
|
|
|c 8882
|d 8882
|
| 952 |
|
|
|0 0
|1 0
|2 ddc
|4 0
|6 621_382750000000000_KAZ_1996
|7 0
|9 10840
|a BRACUL
|b BRACUL
|c GEN
|d 2010-06-10
|e Trim Education
|g 6980.00
|l 4
|m 7
|o 621.38275 KAZ
|p 3010020420
|r 2025-10-28
|s 2025-10-22
|t 1
|v 13960.00
|w 2010-06-10
|y BK
|x Requisitioned by Md Sayeed Salam (Department of Electrical and Electronic Engineering, BRAC University) for the course named- "Optical Communication System (EEE 514)"
|
| 952 |
|
|
|0 0
|1 0
|2 ddc
|4 0
|6 621_382750000000000_KAZ_1996
|7 0
|9 10841
|a BRACUL
|b BRACUL
|c GEN
|d 2010-06-10
|e Trim Education
|g 6980.00
|l 0
|o 621.38275 KAZ
|p 3010020421
|r 2010-06-10
|t 2
|v 13960.00
|w 2010-06-10
|y BK
|x Requisitioned by Md Sayeed Salam (Department of Electrical and Electronic Engineering, BRAC University) for the course named- "Optical Communication System (EEE 514)"
|